00905 2200349 4500001002100000005001500021035002000036007000300056008004100059020002200100082001200122084001900134100001900153245009700172260004500269300003900314650002100353700002000374520002600394990001200420990001200432990001100444990001200455990001100467990001100478990001100489990001100500990001100511990001100522990001100533990001100544INLIS00000000000200920180525015254 a0010-0518000079ta180525 g 0 ind  a978-602-03-1554-6 a332.024 a332.024 LIM e0 aLIM, Tung Ning1 a6 Langkah 7 Keranjang Api :bPenuhlah dengan Kuasa! /cLim Tung Ning; editor, Irene J. Haris aJakarta :bGramedia Pustaka Utama,c2015 axxiii, 159 hlm. :bilus. ;c23 cm. aKEUANGAN PRIBADI0 aIRENE, J. Haris aBibliografi: hlm. 159 a16743 a a16743 b a16743b a16743 a a16743a a16743b a16743a a16743b a16743a a16743b a16743b a16743a